| 000 | nam a22 a 4500 | ||
|---|---|---|---|
| 999 |
_c3926 _d3926 |
||
| 003 | AKMAL | ||
| 005 | 20170524123607.0 | ||
| 008 | 170524s1997 my 00 may d | ||
| 020 |
_a9679064557 (kkt.): _cRM 4.90 |
||
| 040 | _aAKMAL | ||
| 082 | 0 | 4 | _a899.2333 SYE |
| 090 |
_a899.2333 _bSYE |
||
| 100 | 0 |
_aSyed Mahadzir Syed Ibrahim, _d1961- _97742 |
|
| 245 | 1 | 0 |
_aKemelut / _cSyed Mahadzir Syed Ibrahim |
| 260 |
_aKuala Lumpur : _bEdusystem, _c1997 |
||
| 300 |
_a180ms. : _b19cm _ccm |
||
| 650 |
_aMalay fiction _92141 |
||
| 942 |
_2ddc _cBOOK |
||